Countries Bordering Russia - Statistics

General Stats
  • This quiz has been taken 9 times
  • The average score is 12 of 14
Answer Stats
lenght Country % Correct
1 312 km Belarus
100%
4 209 km China
100%
324 km Estonia
100%
1 309 km Finland
100%
7 644 km Kazakhstan
100%
3 485 km Mongolia
100%
1 944 km Ukraine
100%
332 km Latvia
89%
17 km North Korea
89%
261 km Lithuania
78%
284 km Azerbaijan
67%
894 km Georgia
67%
196 km Norway
67%
210 km Poland
56%
No matching quizzes found
Score Distribution
Percent of People with Each Score
Percentile by Number Answered
Your Score History
You have not taken this quiz